000 00923nam a2200229 i 4500
001 161395
003 ES-MaACL
005 20250818173938.0
008 931025q1891 sp f |||| |bspa d
100 1 _aPardo Bazán, Emilia,
_cCondesa de,
_d1851-1921
_9176434
245 1 3 _aEl P. Luis Coloma
_b: biografía y estudio crítico /
_cpor Emilia Pardo Bazán.
260 _aMadrid :
_bSáenz de Jubera, Hermanos,
_c[1891] (
_fImp. de Antonio Pérez Dubrull)
300 _a121 p., [6] h. de lám. ;
_c17 cm.
490 1 _aEspañoles ilustres
530 _aDisponible en formato digital.
600 1 4 _aColoma, Luis,
_d1851-1915
_939805
830 0 _aEspañoles ilustres
_9183275
852 _aES-MaACL
_j1814-F-10
_9167444
_cDEPOF
_zRevisado enlace: 02 de Abril de 2025
856 _uhttp://bdh-rd.bne.es/viewer.vm?id=0000201383&page=1
_yBiblioteca Digital Hispánica
942 _2udc
999 _c161395
_d161395